00712nam a2200193 a 45000010005000000030005000050050017000100080041000270200015000680400020000832450207001032600058003104900020003686500024003886500022004127000029004347000027004637000028004905598CDMR20131022135528.0130130s1999||||||||||||||||||||||||||||d a8488042280 aCDMRbcatcCDMR00aTelevisión de proximidad en Europab: experiencias de descentralización en la era digitalceditores Miguel de Moragas Spà, Carmelo Garitaonandía, Bernat López ; autores Peter Arvidson [et al.] aBellaterrac1999bUniversitat Autònoma de Barcelona0 aAldea globalv604aTelevisiózEuropa04aTelevisió local1 aMoragas Spà, Miquel de1 aGaritaonandia, Carmelo1 aLópez López, Bernat